[Event "Palanga op"]
[Site "Palanga"]
[Date "2015.06.20"]
[Round "9"]
[White "Semjonovs, Vsevolods"]
[Black "Pultinevicius, Paulius"]
[Result "0-1"]
[WhiteElo "1859"]
[BlackElo "2238"]
[PlyCount "48"]
[EventDate "2015.06.15"]
[EventType "swiss"]
[EventRounds "9"]
[EventCountry "LTU"]
[SourceTitle "CBM 167 Extra"]
[Source "ChessBase"]
[SourceDate "2015.09.14"]
[SourceVersion "1"]
[SourceVersionDate "2015.09.14"]
[SourceQuality "1"]

1. d4 Nf6 2. Bg5 c5 3. Bxf6 exf6 4. c3 cxd4 5. Qxd4 Nc6 6. Qe4+ Be7 7. e3 d5 8. Qc2 0-0 9. Nf3 f5 10. Bd3 g6 11. Nbd2 Re8 12. 0-0-0 Be6 13. Nb3 Nb4 14. cxb4 Rc8 15. Nc5 b6 16. Kb1 bxc5 17. Ba6 Rc7 18. b5 Bf6 19. Rc1 f4 20. b6 Rc6 21. Qa4 Qxb6 22. Nd4 Bxd4 23. Bb5 Bf5+ 24. Rc2 a6 0-1

[Event "EU-ch U14 24th"]
[Site "Batumi"]
[Date "2014.10.26"]
[Round "7"]
[White "Dobrovoljc, Vid"]
[Black "Semjonovs, Vsevolods"]
[Result "0-1"]
[WhiteElo "1969"]
[BlackElo "1666"]
[PlyCount "27"]
[EventDate "2014.10.19"]
[EventType "swiss"]
[EventRounds "9"]
[EventCountry "GEO"]
[SourceTitle "EXT 2015"]
[Source "ChessBase"]
[SourceDate "2014.11.20"]
[SourceVersion "1"]
[SourceVersionDate "2014.11.20"]
[SourceQuality "1"]

1. e4 e5 2. Nf3 Nc6 3. Bb5 a6 4. Ba4 b5 5. Bb3 Bb7 6. 0-0 Be7 7. c3 d6 8. Re1 Na5 9. Bc2 c5 10. d4 Nc6 11. d5 Nb8 12. a4 Nd7 13. Na3 Ngf6 14. Bg5 0-1

[Event "EU-ch U12"]
[Site "Prague"]
[Date "2012.08.21"]
[Round "5"]
[White "Muha, Miljenko"]
[Black "Semjonovs, Vsevolods"]
[Result "1-0"]
[WhiteElo "1840"]
[BlackElo "1473"]
[PlyCount "51"]
[EventDate "2012.08.17"]
[EventType "swiss"]
[EventRounds "9"]
[EventCountry "CZE"]
[SourceTitle "CBM 150 Extra"]
[Source "ChessBase"]
[SourceDate "2012.10.19"]
[SourceVersion "1"]
[SourceVersionDate "2012.10.19"]
[SourceQuality "1"]

1. d4 d5 2. c4 e5 3. dxe5 d4 4. Nf3 Nc6 5. g3 Bg4 6. Nbd2 Qd7 7. Bg2 0-0-0 8. 0-0 h5 9. Qa4 Bh3 10. Bxh3 Qxh3 11. Ng5 Qf5 12. h4 a6 13. e6 fxe6 14. Ndf3 Rh6 15. Bd2 a5 16. a3 Rd6 17. b4 b6 18. c5 bxc5 19. Rfc1 axb4 20. axb4 e5 21. Rxc5 Qg6 22. Rac1 Kd8 23. Rxc6 Rxc6 24. Rxc6 Qf5 25. Re6 Bd6 26. Qe8# 1-0

[Event "EU-ch U12"]
[Site "Prague"]
[Date "2012.08.18"]
[Round "2"]
[White "Semjonovs, Vsevolods"]
[Black "Batashevs, Arsens"]
[Result "0-1"]
[WhiteElo "1473"]
[BlackElo "1733"]
[PlyCount "82"]
[EventDate "2012.08.17"]
[EventType "swiss"]
[EventRounds "9"]
[EventCountry "CZE"]
[SourceTitle "CBM 150 Extra"]
[Source "ChessBase"]
[SourceDate "2012.10.19"]
[SourceVersion "1"]
[SourceVersionDate "2012.10.19"]
[SourceQuality "1"]

1. e4 d5 2. exd5 Qxd5 3. Nc3 Qa5 4. Nf3 Bg4 5. h3 Bxf3 6. Qxf3 c6 7. Bc4 e6 8. 0-0 Nf6 9. d3 Bd6 10. Re1 Nbd7 11. Bg5 Ne5 12. Qe3 Nxc4 13. dxc4 Bb4 14. Re2 Bxc3 15. Qxc3 Qxg5 16. Rae1 0-0-0 17. Re5 Qd2 18. Qg3 Nd7 19. R5e2 Qd4 20. Qb3 Qc5 21. Qc3 Rhg8 22. b4 Qb6 23. a4 Qc7 24. c5 Nf6 25. Qc4 Rd5 26. Qb3 Rgd8 27. c3 Rh5 28. c4 Ng4 29. Qg3 Qxg3 30. fxg3 Nf6 31. g4 Rg5 32. b5 Rxc5 33. Rc1 Rd4 34. bxc6 Rxc6 35. Rec2 Ne4 36. h4 Nd6 37. c5 Ne4 38. Rc4 e5 39. Rxd4 exd4 40. Rd1 Nc3 41. Rd3 Rxc5 0-1